Gaming Quiz

Random Gaming or Card Games Quiz

The Ultimate Dominion Card Quiz Stats

 Plays Quiz Updated Nov 9, 2017

Also try: Games from Cards
Challenge
Share
Tweet
Embed
Score 0/300 Timer 20:00
1 Play Today
Card % Correct
Copper
86.8%
Gold
86%
Silver
85.9%
Witch
85.4%
Village
85%
Chapel
83.9%
Cellar
83%
Duchy
82.9%
Estate
82.8%
Moat
82.6%
Province
82.3%
Gardens
81.3%
Curse
81%
Market
80.8%
Platinum
79.2%
Militia
77.9%
Colony
77%
Duke
75.4%
Throne Room
74.7%
Festival
74.6%
Potion
74.5%
Harem
74.2%
Mine
73.1%
Smithy
72.9%
Nobles
72.8%
Laboratory
71.6%
King's Court
71.5%
Library
71.3%
Fishing Village
71%
Remodel
70.8%
Workshop
70.5%
Bank
70.1%
Wharf
68.8%
Goons
68.7%
Bureaucrat
68.7%
Island
68.5%
Pirate Ship
68.1%
Alchemist
68%
Black Market
67.8%
Lighthouse
67.4%
Torturer
66.9%
Sea Hag
66.8%
Possession
66.6%
Golem
65.9%
Peddler
65.8%
Princess
64.6%
Pawn
64.4%
Native Village
64.1%
Vineyard
63.6%
Council Room
63.5%
Mining Village
63.5%
Grand Market
63.4%
Familiar
63.2%
Forge
63.2%
Ghost Ship
63.1%
Caravan
63%
Trader
62.9%
Tournament
62.8%
Loan
62.4%
Haven
62.3%
University
62%
Scrying Pool
61.9%
Tactician
61.7%
Young Witch
61.7%
Watchtower
61.5%
Merchant Ship
61.3%
Trusty Steed
61.2%
Transmute
61.1%
Walled Village
61%
Philosopher's Stone
60.5%
Swindler
60.4%
Expand
60.3%
Ambassador
60.2%
Fool's Gold
59.8%
Mountebank
59.8%
Diadem
59.4%
Duchess
59.3%
Minion
59.2%
Stash
59.1%
Bishop
58.9%
Moneylender
58.9%
Masquerade
58.8%
Followers
58.7%
Horse Traders
58.7%
Talisman
58.6%
Herbalist
58.5%
Quarry
58.4%
Bag of Gold
58.2%
Envoy
58%
Apprentice
57.7%
Upgrade
57.7%
Tunnel
57.6%
Worker's Village
57.6%
Venture
57.5%
Baker
57.5%
Bridge
57.4%
Hoard
57.2%
Outpost
57%
Royal Seal
56.9%
Horn of Plenty
56.7%
Card % Correct
Count
56.6%
Apothecary
56.5%
Pearl Diver
56.3%
Fairgrounds
56.3%
Ruined Village
56.1%
Candlestick Maker
55.8%
Jester
55.2%
Farmland
55.1%
Butcher
54.9%
Courtyard
54.6%
Hamlet
54.6%
Ruined Library
54.5%
Ruined Market
54.3%
Trade Route
54.1%
Ironworks
53.7%
Hovel
53.6%
Baron
53.5%
City
53.5%
Border Village
53.5%
Rabble
52.9%
Doctor
52.8%
Monument
52.7%
Hunting Party
52.6%
Farming Village
52.6%
Remake
52.6%
Contraband
52.5%
Mint
52.4%
Governor
52.3%
Shanty Town
52.2%
Ill-Gotten Gains
52.1%
Steward
52%
Silk Road
51.6%
Menagerie
51.5%
Poor House
51.4%
Embargo
51.2%
Treasure Map
51.2%
Trading Post
51.1%
Necropolis
51%
Spoils
50.8%
Survivors
50.3%
Jack of All Trades
50%
Rats
49.9%
Bazaar
49.9%
Death Cart
49.7%
Overgrown Estate
49.5%
Fortune Teller
49.5%
Madman
49.3%
Wishing Well
49.2%
Crossroads
49.2%
Noble Brigand
48.7%
Cutpurse
48.5%
Warehouse
48.5%
Abandoned Mine
48.4%
Feodum
47.4%
Counting House
47.3%
Beggar
47.3%
Harvest
47.2%
Dame Anna
47.1%
Masterpiece
47%
Treasury
46.8%
Navigator
46.7%
Highway
46.5%
Urchin
46.5%
Mercenary
46.2%
Cache
46.1%
Margrave
46%
Oracle
46%
Hermit
45.9%
Counterfeit
45.8%
Cultist
45.7%
Marauder
45.6%
Explorer
45.3%
Lookout
45.3%
Stonemason
44.6%
Soothsayer
44.4%
Inn
44.2%
Vault
44%
Hunting Grounds
43.8%
Mandarin
43.3%
Herald
43.1%
Merchant
42.9%
Dame Josephine
42.8%
Conspirator
42.8%
Market Square
42.3%
Sir Michael
42.2%
Oasis
41.8%
Rebuild
41.2%
Taxman
41.1%
Salvager
41.1%
Develop
40.9%
Haggler
40.8%
Sir Destry
40.6%
Squire
40.5%
Sir Martin
40.5%
Smugglers
40.4%
Embassy
40.1%
Sir Vander
40%
Dame Molly
39.8%
Spice Merchant
39.4%
Altar
39.3%
Card % Correct
Trade
39.2%
Bandit
39.1%
Merchant Guild
39.1%
Graverobber
38.8%
Stables
38.5%
Bandit Camp
38.4%
Dame Natalie
37.6%
Ironmonger
37.5%
Dame Sylvia
37.5%
Pillage
37.5%
Rogue
37.3%
Journeyman
37.1%
Nomad Camp
36.9%
Plaza
36.7%
Vagrant
36.4%
Procession
36.3%
Fortress
36.1%
Advisor
35.9%
Cartographer
35.8%
Wandering Minstrel
34.9%
Sir Bailey
34.8%
Page
34.4%
Forager
34.4%
Armory
33.4%
Band of Misfits
33.3%
Catacombs
32.8%
Artisan
32.4%
Harbinger
32.4%
Scheme
32.2%
Scavenger
31.6%
Mill
31.5%
Teacher
31.5%
Junk Dealer
30.7%
Peasant
30.4%
Mystic
29.9%
Storeroom
29.9%
Champion
28.6%
Warrior
28.6%
Hero
28.2%
Sentry
28.2%
Sage
27.7%
Vassal
27.3%
Soldier
27.1%
Poacher
26.9%
Coin of the Realm
26.4%
Diplomat
26.1%
Ratcatcher
25.6%
Bridge Troll
25.3%
Lurker
25.2%
Swamp Hag
24.9%
Wine Merchant
24.2%
Disciple
23.8%
Treasure Hunter
23.8%
Giant
23.4%
Fugitive
23.4%
Courtier
22.7%
Magpie
21.6%
Alms
21.6%
Distant Lands
21.2%
Replace
21%
Lost City
20.5%
Haunted Woods
20.5%
Port
20.5%
Caravan Guard
20.5%
Guide
19.8%
Patrol
19.7%
Secret Passage
19.7%
Borrow
19.4%
Hireling
19%
Gear
19%
Amulet
19%
Relic
18.3%
Ranger
17.9%
Raze
17.9%
Dungeon
16.8%
Inheritance
16.8%
Treasure Trove
15.8%
Transmogrify
15.8%
Storyteller
15.4%
Save
15.4%
Royal Carriage
15%
Duplicate
15%
Ball
14.3%
Pathfinding
13.6%
Pilgrimage
13.6%
Quest
13.2%
Lost Arts
13.2%
Artificer
12.8%
Miser
12.5%
Raid
12.1%
Messenger
10.3%
Ferry
10.3%
Training
9.9%
Mission
9.5%
Bonfire
8.8%
Seaway
8.4%
Expedition
8.4%
Scouting Party
8.4%
Travelling Fair
8.1%
Plan
6.2%

You're not logged in!

Compare scores with friends on all Sporcle quizzes.
OR
Log In

You Might Also Like...

Show Comments

Extras

Top Quizzes Today


Score Distribution

Your Account Isn't Verified!

In order to create a playlist on Sporcle, you need to verify the email address you used during registration. Go to your Sporcle Settings to finish the process.

Report this User

Report this user for behavior that violates our Community Guidelines.

Details: